The lessons of history / (Titelsatznr. 9884)
[ MARC ]
| 000 -Satzkennung | |
|---|---|
| Kontrollfeld mit fester Länge | 00428nam a22001691c 4500 |
| 001 - Kontrollnummer | |
| Kontrollfeld | 00054805554 |
| 008 - Feld mit fester Länge zur physischen Beschreibung - Allgemeine Angaben | |
| Kontrollfeld mit fester Länge | 051003s1991 gw |||| 000u eng d |
| 020 ## - Internationale Standardbuchnummer | |
| Internationale Standardbuchnummer | 0198215819 |
| Verknüpfung | 0-19-821581-9 |
| 041 ## - Sprachcode | |
| Sprachcode des Textes/der Tonspur oder des separaten Titels | eng |
| 040 ## - Katalogisierungsquelle | |
| Übertragungsstelle | RU-10907106 |
| 003 - Kontrollnummer Identifier | |
| Kontrollfeld | RU-10907106 |
| 100 1# - Haupteintragung - Personenname | |
| Personenname | Howard, Michael Eliot |
| 245 04 - Titel | |
| Titel | The lessons of history / |
| Verfasserangabe etc. | Michael Howard |
| 264 ## - Produktion, Veröffentlichung, Distribution, Herstellung und Urheberrechtsvermerk | |
| Herstellungs-, Veröffentlichungs- Vertriebs-, Erzeugungsort | Oxford : |
| Produzent, Herausgeber, Distributor, Hersteller | Clarendon Pr., |
| Datum der Herstellung, der Veröffentlichung, des Vertriebs oder des Urheberschutzvermerks | 1991 |
| 300 ## - Physische Beschreibung | |
| Umfang | 217 S. |
| 942 ## - Zusätzliche Felder (Koha) | |
| Koha-Medientyp | Monographien |
| Ausgeschieden | Verloren | Klassifikation oder Aufstellungssystematik | Beschädigt | Nicht entleihbar | Heimatbibliothek | Aufenthaltsbibliothek | Aufstellungsort | Erwerbungsdatum | Inventarnummer | Signatur | Barcode | Letzte Aktivität | Preis gültig von | Koha-Medientyp |
|---|---|---|---|---|---|---|---|---|---|---|---|---|---|---|
| Andere/Generische Klassifikation | MWN Osteuropa | MWN Osteuropa | Lesesaal - 1 | 03/10/2005 | 05-04250 | W 60 B u How | E00401507905C29F | 22/02/2021 | 22/03/2021 | Monographien |